| 000 | 00483nam a2200169 4500 | ||
|---|---|---|---|
| 001 | 131384 | ||
| 003 | ES-MaACL | ||
| 005 | 20251012063051.0 | ||
| 007 | t| | ||
| 008 | 070214s1902 sp r ||||1| spa d | ||
| 100 | 0 |
_aRodrÃguez, Leoncio, _c(economista) _998274 |
|
| 245 | 1 | 3 |
_aLa actual crisis financiera _b: historia maldita / _cLeoncio RodrÃguez. |
| 260 |
_aMadrid : _bA. Marzo, _c1902. |
||
| 300 | _a274 p. | ||
| 852 |
_aES-MaACL _jD-4885 |
||
| 999 |
_c131384 _d131384 |
||